| 000 | 00644nam a22001937a 4500 | ||
|---|---|---|---|
| 005 | 20251108175145.0 | ||
| 008 | 250721s2014 xx 000 0 ara d | ||
| 082 | 1 | 4 | _a211.96126/عبد |
| 100 | 1 | _aعبد الله، محمد محمود | |
| 245 | 1 | 0 | _aالهندسة الوراثية و أسرار الروح و خلق الإنسان في القرآن / |
| 264 | 1 |
_aعمان : _bدار دجلة ناشرون و موزعون، _c2014. |
|
| 300 | _a296ص. | ||
| 650 | 1 | 7 | _aالقرآن الكريم |
| 650 | 1 | 7 | _aجسم الانسان |
| 650 | 1 | 7 | _aالاجنة |
| 653 | _aخلق الانسان | ||
| 942 |
_2ddc _cBK |
||
| 999 |
_c127517 _d127517 |
||